000 01493cam a2200133 4500500
005 20260329023158.0
041 _afre
042 _adc
100 1 0 _aLefebvre, Maxime
_eauthor
245 0 0 _aLa construction de l'Europe et l'avenir des nations
260 _bArmand Colin,
_c2013.
520 _aL’Europe ne peut être comprise sans prendre en compte la diversité et l’identité des nations qui la composent. La crise de la zone euro, l’importance toujours redécouverte de la relation franco-allemande sont là pour le montrer. Les différences entre la latinité et la germanité, entre le nord et le sud, entre l’est et l’ouest, entre les grands et les petits pays sont toujours bien présentes malgré l’approfondissement de la construction européenne depuis plus d’un demi-siècle. L’Europe ne se fera pas contre, mais avec les nations. Elle ne peut ni se transformer en État fédéral, ni se déterminer uniquement en fonction de la mondialisation, des Nations Unies ou de l’Occident. Elle ne sortira de ses difficultés actuelles que si elle parvient à réinventer la coexistence de ses nations et à renforcer sa cohésion, en particulier à partir de l’union monétaire. En remettant les nations au cœur de la réflexion, cet ouvrage livre de nouvelles perspectives, pleines d’espoir pour le projet européen.
856 4 1 _uhttps://shs.cairn.info/la-construction-de-leurope-et-lavenir-des-nations--9782200286330?lang=fr&redirect-ssocas=7080
999 _c1925280
_d1925280